Open Data Biblioteca Nacional de Portugal


República Portuguesa: Ministério da Cultura
Biblioteca Nacional de Portugal

Catálogo da BNP: acesso por Identificadores Unívocos
Registos Bibliográficos associados ao registo de autoridade

Etiqueta de registo: 00254nam 2200025 450
001 2285222
003 http://id.bnportugal.gov.pt/bib/catbnp/2285222
010 ## $a978-989-573-048-3
021 ## $aPT$b525520/23
100 ## $a20260424d2024 c y0pory01030103ba
101 1# $apor
102 ## $aPT
105 ## $aa z 000fy
106 ## $ar
200 1# $aCom tempo$ftexto e il. Marina Ruiz$gtrad. Carina Mariais
205 ## $a1ª ed
210 #9 $aLisboa$cEdicare,$d2024
215 ## $a[40] p.$cil.$d29 cm
675 ## $a087.5$vBN$zpor$3287999
675 ## $a821.134.2-93"20"$vBN$zpor$31261809
700 #1 $aRuiz,$bMarina$31996851
702 #1 $aMariais,$bCarina$4730$31905958
801 #0 $aPT$bBN$gRPC
966 ## $lBN$mFGMON$x1
966 ## $lBN$mFGMON$x1
973 ## $cmlsousa$d20260602

Etiqueta de registo: 00254nam 2200025 450
001 2285203
003 http://id.bnportugal.gov.pt/bib/catbnp/2285203
010 ## $a978-989-679-967-0
021 ## $aPT$b514951/23
100 ## $a20260424d2023 c y0pory01030103ba
101 1# $apor
102 ## $aPT
105 ## $aa z 000fy
106 ## $ar
200 1# $a O meu pai$fSusan Quinn, Marina Ruiz$gtrad. e adapt. Carina Mariais
205 ## $a2ª ed
210 #9 $aLisboa$cEdicare,$d2023
215 ## $a[32] p.$cil.$d30 cm
675 ## $a087.5$vBN$zpor$3287999
675 ## $a821.111-93"20"$vBN$zpor$31119373
700 #1 $aQuinn,$bSusan$31996849
701 #1 $aRuiz,$bMarina$4440$31996851
702 #1 $aMariais,$bCarina$4730$31905958
801 #0 $aPT$bBN$gRPC
966 ## $lBN$mFGMON$x1
966 ## $lBN$mFGMON$x1
971 ## $corlando$d20260424
973 ## $ctrodrigues$d20260602

OpendataBNP@bnportugal.pt | Mais informação sobre acesso aos dados BNP